Program penghayatan Islam dan pembagunan Islam pada 12-13 Dis. 1987 bhg. 1 [

Bibliographic Details
Format: Book
Published: Bangi : Inspen , 1987
Subjects:

MARC

LEADER 00000cam a2200000 7i4500
001 0000018081
005 20061205.0
040 |a INS 
090 0 0 |a BP184.4 1987 
245 0 0 |a Program penghayatan Islam dan pembagunan Islam pada 12-13 Dis. 1987 bhg. 1 [  |h video recording] 
260 |a Bangi :   |b Inspen ,   |c 1987 
300 |a 1 Video cassette (VHS) :   |b sd., col. ;   |c 1/2 in. 
650 0 0 |a Islam   |x Rituals 
999 |a VHS103   |b VIDEO   |c Media Collection   |e Default branch